00595cam a22001452 4500001001100000005001700011008004100028040001500069111008000084245016900164260003400333300001100367650004100378700003000419000000898420151217155837.0080629s xx 000 0 eng d aKABUcKABU2 aConference on the Future of Law in Africa cLondon :d(1959-60)@000015979214aThe Future of law in Africa :brecord of proceedings of the London Conference 28 December 1959-8 January 1960 /cedited on behalf of the Conference by A. N. Allott. aLondon :bButterworth,c1960. a58 p. 0aLawxCongresseszAfrica.@00001597931 aAllott, A. N.@0000159794